Henry E. Sigerist on the sociology of medicine / (Record no. 66556)
[ view plain ]
| 000 -LEADER | |
|---|---|
| fixed length control field | 00841nam a2200253 a 4500 |
| 001 - CONTROL NUMBER | |
| control field | 66556 |
| 003 - CONTROL NUMBER IDENTIFIER | |
| rucl marc code | BD-RjUL |
| 005 - DATE AND TIME OF LATEST TRANSACTION | |
| control field | 20211209081544.0 |
| 008 - FIXED-LENGTH DATA ELEMENTS--GENERAL INFORMATION | |
| fixed length control field | 170318s1960 nyu 001 0 eng d |
| 035 ## - SYSTEM CONTROL NUMBER | |
| System control number | (BD-RjUL)66686 |
| 040 ## - CATALOGING SOURCE | |
| Original cataloging agency | EQO |
| Transcribing agency | EQO |
| Language of cataloging | eng |
| Modifying agency | BD-RjUL |
| 041 ## - LANGUAGE CODE | |
| Language code of text/sound track or separate title | eng |
| 082 ## - DEWEY DECIMAL CLASSIFICATION NUMBER | |
| Edition number | 23 |
| Classification number | 614 |
| Author mark and year | HEH 1960 |
| 100 1# - MAIN ENTRY--PERSONAL NAME | |
| Personal name | Henry, E. |
| Fuller form of name | (Henry Ernest), |
| Dates associated with a name | 1891-1957. |
| 9 (RLIN) | 38153 |
| 245 10 - TITLE STATEMENT | |
| Title | Henry E. Sigerist on the sociology of medicine / |
| Statement of responsibility, etc. | edited by M. I. Roemer ; foreword by James M. Mackintosh. |
| 260 ## - PUBLICATION, DISTRIBUTION, ETC. (IMPRINT) | |
| Place of publication, distribution, etc. | New York : |
| Name of publisher, distributor, etc. | M. D. Publications, |
| Date of publication, distribution, etc. | c1960. |
| 300 ## - PHYSICAL DESCRIPTION | |
| Pagination | xiii, 397 p. ; |
| Size | 24 cm. |
| 504 ## - BIBLIOGRAPHY, ETC. NOTE | |
| Bibliography, etc | Includes index. |
| 600 ## - SUBJECT ADDED ENTRY--PERSONAL NAME | |
| Personal name | Sigerist, Henry E. |
| Dates associated with a name | 1891-1957. |
| 650 #0 - SUBJECT ADDED ENTRY--TOPICAL TERM | |
| Topical term or geographic name as entry element | Social medicine. |
| 9 (RLIN) | 197003 |
| Topical term or geographic name as entry element | Social medicine |
| General subdivision | History. |
| 9 (RLIN) | 197004 |
| 700 1# - ADDED ENTRY--PERSONAL NAME | |
| Personal name | Roemer, Milton Irwin, |
| Dates associated with a name | 1916-2001. |
| 942 ## - ADDED ENTRY ELEMENTS (KOHA) | |
| Source of classification or shelving scheme | Dewey Decimal Classification |
| Koha item type | Books |
| Lost status | Source of classification or shelving scheme | Damaged status | Not for loan | Collection code | Permanent Location | Current Location | Shelving location | Date acquired | Source of acquisition | Total Checkouts | Full call number | Date last seen | Copy number | Koha item type |
|---|---|---|---|---|---|---|---|---|---|---|---|---|---|---|
| Dewey Decimal Classification | Not For Loan | Non-fiction | Central Library, University of Rajshahi | Central Library, University of Rajshahi | Reading Room | 27/06/1966 | Asia Foundation | 614 HEH 1960 | 18/03/2017 | C-1 | Books |